Methods in astrodynamics and celestial mechanics (Record no. 2700)

MARC details
000 -LEADER
fixed length control field 00752nam a2200217Ia 4500
003 - CONTROL NUMBER IDENTIFIER
control field IN-BaIIA
005 - DATE AND TIME OF LATEST TRANSACTION
control field 20250707105307.0
008 - FIXED-LENGTH DATA ELEMENTS--GENERAL INFORMATION
fixed length control field 211028s9999 xx 000 0 eng d
040 ## - CATALOGING SOURCE
Transcribing agency IIA Library
080 ## - UNIVERSAL DECIMAL CLASSIFICATION NUMBER
Universal Decimal Classification number 629.19 (047.1)
Item number PAA-17
245 #0 - TITLE STATEMENT
Title Methods in astrodynamics and celestial mechanics
Statement of responsibility, etc. Roynor L. Duncombe and Victor G. Szebehely
260 ## - PUBLICATION, DISTRIBUTION, ETC.
Place of publication, distribution, etc. New York
Name of publisher, distributor, etc. Academic Press
Date of publication, distribution, etc. 1966
300 ## - PHYSICAL DESCRIPTION
Extent xvi, 436p.
490 ## - SERIES STATEMENT
Series statement Progress in astronautics and aeronautics
Volume/sequential designation 17
650 ## - SUBJECT ADDED ENTRY--TOPICAL TERM
Topical term or geographic name entry element Astrodynamics
9 (RLIN) 1258
650 ## - SUBJECT ADDED ENTRY--TOPICAL TERM
Topical term or geographic name entry element Astronomy and Astrophysics Thesaurus
650 ## - SUBJECT ADDED ENTRY--TOPICAL TERM
Topical term or geographic name entry element Celestial Mechanics
700 ## - ADDED ENTRY--PERSONAL NAME
Personal name Duncombe, Roynor L., ed.
9 (RLIN) 4833
700 ## - ADDED ENTRY--PERSONAL NAME
Personal name Szebehely, Victor G., ed.
9 (RLIN) 4834
942 ## - ADDED ENTRY ELEMENTS (KOHA)
Koha item type Books
Source of classification or shelving scheme Dewey Decimal Classification
Holdings
Withdrawn status Lost status Source of classification or shelving scheme Damaged status Not for loan Home library Current library Shelving location Date acquired Cost, normal purchase price Total Checkouts Full call number Barcode Date last seen Cost, replacement price Price effective from Koha item type Purchase Price
    Dewey Decimal Classification     IIA Library-Bangalore IIA Library-Kodaikanal General Stacks 14/02/1967 36.00   629.19(047.1)/ PAA-17 3011 05/11/2021 36.00 14/02/1967 Books Rs. 36.00

Powered by Koha